Normal view
MARC view
- Drury, S. Samuel
Entry Personal Name
001 - CONTROL NUMBER
- control field: 107372
003 - CONTROL NUMBER IDENTIFIER
- control field: NUST
005 - DATE AND TIME OF LATEST TRANSACTION
- control field: 20230123103155.0
008 - FIXED-LENGTH DATA ELEMENTS
- fixed length control field: 230123|| aca||aabn | a|a d
040 ## - CATALOGING SOURCE
- Original cataloging agency: NUST
- Transcribing agency: NUST
100 ## - HEADING--PERSONAL NAME
- Personal name: Drury, S. Samuel
670 ## - SOURCE DATA FOUND
- Source citation: Work cat.: (NUST)186006: Drury, S. Samuel, School mastering /
